[Event "IRQ-ch"]
[Site "Baghdad"]
[Date "2022.08.25"]
[Round "3"]
[White "Saif, Salman Al Tememy"]
[Black "Ghaith, Ahmed Natiq"]
[Result "1-0"]
[WhiteElo "1595"]
[BlackElo "1110"]
[PlyCount "98"]
[EventDate "2022.08.24"]
[EventType "swiss"]
[EventRounds "9"]
[EventCountry "IRQ"]
[SourceTitle "CBM 210 Extra"]
[Source "ChessBase"]
[SourceDate "2022.11.30"]
[SourceVersion "1"]
[SourceVersionDate "2022.11.30"]
[SourceQuality "1"]

1. c4 c5 2. Nc3 Nc6 3. d3 g6 4. g3 Bg7 5. Bg2 e6 6. e3 Nge7 7. Nge2 0-0 8. 0-0 a6 9. Rb1 d5 10. cxd5 exd5 11. d4 Bf5 12. Ra1 c4 13. Nf4 Nb4 14. Bd2 g5 15. Nfe2 h6 16. b3 b5 17. bxc4 bxc4 18. Na4 Nd3 19. Nc1 Rb8 20. Nxd3 Bxd3 21. Re1 Nc6 22. Bc3 Nb4 23. Bxb4 Rxb4 24. Nc5 Bg6 25. Nxa6 Rb2 26. Nc5 Qa8 27. a4 Rfb8 28. Rc1 R8b4 29. Qf3 Bf8 30. Qxd5 Qxd5 31. Bxd5 Bxc5 32. dxc5 Bd3 33. c6 Rxa4 34. c7 Bf5 35. Bxc4 Ra7 36. Bd5 Bc8 37. Red1 Kg7 38. Be4 Rb4 39. Rd8 Bh3 40. Bd5 Rxc7 41. Rd1 Rc2 42. Bg2 g4 43. R8d4 Rbb2 44. Rf4 Rd2 45. Rc1 Rbc2 46. Rf1 Rc3 47. Bxh3 gxh3 48. Rh4 Kg6 49. Rxh3 Kg5 1-0

[Event "IRQ-ch"]
[Site "Baghdad"]
[Date "2022.08.24"]
[Round "1"]
[White "Ali Firas, Qassim"]
[Black "Ghaith, Ahmed Natiq"]
[Result "1-0"]
[WhiteElo "1831"]
[BlackElo "1110"]
[PlyCount "43"]
[EventDate "2022.08.24"]
[EventType "swiss"]
[EventRounds "9"]
[EventCountry "IRQ"]
[SourceTitle "CBM 210 Extra"]
[Source "ChessBase"]
[SourceDate "2022.11.30"]
[SourceVersion "1"]
[SourceVersionDate "2022.11.30"]
[SourceQuality "1"]

1. e4 c5 2. Nf3 Nc6 3. Bb5 a6 4. Bxc6 bxc6 5. 0-0 g6 6. d4 cxd4 7. Qxd4 f6 8. Na3 Bg7 9. Nc4 Rb8 10. Bd2 d5 11. Ba5 Qd7 12. Rad1 dxc4 13. Qxc4 Qe6 14. Rd8+ Kf7 15. Qc5 Rb5 16. Qc3 Qxa2 17. Qxc6 Nh6 18. Rxh8 Bxh8 19. Qxc8 Bg7 20. Bc3 Qa4 21. e5 Qxc2 22. e6# 1-0